| 000 | 00375nam a2200169Ia 4500 | ||
|---|---|---|---|
| 008 | 210210b1905 xxu||||| |||| 00| 0 eng d | ||
| 041 | _aeng | ||
| 082 | _a515/23 | ||
| 100 | _aCAUNT | ||
| 245 | _aGeometrical conics | ||
| 260 |
_aLondon _bEdward Arnold _c1905 |
||
| 650 | _aGeometrical | ||
| 650 | _aconics | ||
| 690 | _aGeometry | ||
| 700 | _aJESSOP | ||
| 906 | _a007589 | ||
| 999 |
_c140129 _d140129 |
||